| 000 | 00947nam a2200205Ia 4500 | ||
|---|---|---|---|
| 999 |
_c56612 _d56612 |
||
| 001 | 23728 | ||
| 003 | GE_BSU | ||
| 005 | 20210514143143.0 | ||
| 008 | 181216s1966||||ge |||||||||||||| ||geo|| | ||
| 040 | _cGE_BSU | ||
| 041 | _ageo | ||
| 080 | _a94(479.22)"12/13 ჯ-14 | ||
| 100 |
_aჯავახიშვილი, ი. (ივანე, 1876-1940) _911800 |
||
| 245 |
_aქართველი ერის ისტორია. წ. 3. _b[XIII-XIV სს. / _cი. ჯავახიშვილი; [ს. ყაუხჩიშვილის, დ. გვრიტიშვილის და შ. მესხიას შესავალი წერილით]. |
||
| 264 |
_aთბილისი : _bსაბჭ. საქართველო, _c1966. |
||
| 300 |
_a528 გვ. _b 24 სმ. |
||
| 541 | _h4ლ. 76თ. | ||
| 653 | _aსაქართველოს ისტორია, XIII-XIV ს.ს. | ||
| 942 |
_cBK _2udc |
||